| 000 | 00647nam a2200217Ia 4500 | ||
|---|---|---|---|
| 001 | b1-23254 [2063] | ||
| 003 | IT-MiCISF | ||
| 005 | 20260206094627.0 | ||
| 008 | 161014s9999||||xx |||||||||||||| ||und|| | ||
| 040 |
_aIT-MiCISF _cIT-MiCISF |
||
| 041 | _ait | ||
| 100 |
_aMendel Gérard _963353 |
||
| 245 | 0 |
_aLa rivolta contro il padre. _bIntroduzione alla socio-psicanalisi |
|
| 260 |
_a Firenze, _bVallecchi, _c1973 |
||
| 300 | _app. 404 | ||
| 500 | _a / infanzia, rapporti-padre-figli, tecniche-terapeutiche, formazione-personalità, socializzazione / | ||
| 650 | _aEtà-evolutiva | ||
| 654 | _asaggio | ||
| 942 |
_cBK _2ddc |
||
| 999 |
_c216356 _d216356 |
||
| 999 | _bsi | ||